Sonatina facile pro housle a klavír : (1963) /

Hlavní autor: Pelikán, Miroslav, 1922-2006
Jazyk: Nelze použít, není lingvistický obsah
Vydáno: Praha : Panton, 1988
Fyzický popis: 25, 7 s.
Hudebniny Hudebniny
Uloženo v:
LEADER 00691ncm a22002052a 4500
001 001195713
003 CZ BrMZK
005 20120320135448.0
007 qu
008 120220s1988 xr |||||||||||||||||zxx d
040 |a BOA001  |b cze 
072 7 |a 787  |x Hudba pro strunné a smyčcové nástroje  |2 Konspekt  |9 9 
100 1 |a Pelikán, Miroslav,  |d 1922-2006  |7 jn19990209643  |4 cmp 
245 1 0 |a Sonatina facile  |h [hudebnina] :  |b pro housle a klavír : (1963) /  |c Miroslav Pelikán 
260 |a Praha :  |b Panton,  |c 1988 
300 |a 25, 7 s. 
910 |a BOA001  |b Mus4-0938.984 
990 |a MU 
991 |b 201202 
996 6 |b 2619053584  |c Mus4-0938.984  |l MZK  |r Sklad / do 1 hodiny  |n 0  |w 001229365  |u 000010  |a 1  |e BOA001  |j MZK50  |s P